000
00319nam a22001457a 4500
020
_a
978-9384378073
041
_a
ENG
100
_a
Jain
245
_a
Engineering Chemistry
250
_a
First
260
_a
New Delhi
_b
Dhanpat Rai Publishing
_c
1999
300
_a
140
650
_a
Chemistry
856
_u
EOES ( 40 )
999
_c
244
_d
244